Введение в практику письменного перевода с русского языка на английский: учебное пособие

Dades bibliogràfiques
Autor principal: Бурак А. Л. Александр Львович
Autor corporatiu: Московский государственный университет им. М. В. Ломоносова
Idioma:rus
anglès
Publicat: Москва, Intrada, 2002-
Format: MixedMaterials Llibre
KOHA link:https://koha.lib.tpu.ru/cgi-bin/koha/opac-detail.pl?biblionumber=50506

MARC

LEADER 00000nam1a2200000 4500
001 50506
005 20231031033135.0
035 |a (RuTPU)RU\TPU\book\52886 
090 |a 50506 
100 |a 20030417d2002 m y0rusy50 ca 
101 0 |a rus  |a eng 
102 |a RU 
200 1 |a Введение в практику письменного перевода с русского языка на английский  |e учебное пособие  |f А. Л. Бурак  |g Московский государственный университет им. М. В. Ломоносова 
210 |a Москва  |c Intrada  |d 2002- 
700 1 |a Бурак  |b А. Л.  |g Александр Львович 
712 0 2 |a Московский государственный университет им. М. В. Ломоносова  |2 stltpush  |3 (RuTPU)RU\TPU\col\7 
801 1 |a RU  |b 63413507  |c 20030417  |g PSBO 
942 |c BK